|
|
|
|
| LEADER |
00000cam a2200000 7i4500 |
| 001 |
0000015156 |
| 005 |
20080318.0 |
| 008 |
080318 |
| 020 |
|
|
|a 1581154194
|
| 090 |
0 |
0 |
|a 792.028
|b JEN
|
| 100 |
1 |
|
|a Jenkins, W. L.
|
| 245 |
1 |
0 |
|a How to audition for TV commercials :
|b from the ad agency point of view
|c W. L. Jenkins
|
| 260 |
|
|
|a New York :
|b Allworth Press ,
|c 2005
|
| 650 |
|
0 |
|a Television acting
|x Vocational guidance
|
| 650 |
|
0 |
|a Television advertising
|x Vocational guidance
|
| 650 |
|
0 |
|a Television broadcasting
|x Auditions
|
| 999 |
|
|
|a 0001014335
|b Book
|c Adult Collection
|e Perbadanan Perpustakaan Awam Johor
|